[Event "3MCR_4D_2LB_3S"]
[Site "?"]
[Date "1999.??.??"]
[Round "3"]
[White "Musil, Vitezslav"]
[Black "Bem, Jiri"]
[Result "1-0"]
[WhiteElo "2060"]
[BlackElo "2000"]
[PlyCount "47"]
[EventDate "1999.??.??"]
[EventType "corr"]

1. e4 c5 2. Nf3 Nc6 3. d4 cxd4 4. Nxd4 d6 5. Bc4 Nf6 6. Nc3 g6 7. Nxc6 bxc6 8.
e5 Nh5 9. Qf3 f6 10. Bb5 Bd7 11. Bxc6 Rc8 12. Bb7 Rxc3 13. Qxc3 fxe5 14. Be3
Qb8 15. Bf3 Nf6 16. O-O d5 17. Qb3 Qa8 18. Qa3 a5 19. Bc5 Kf7 20. b4 a4 21. c4
e4 22. Be2 e6 23. f3 Bxc5+ 24. bxc5 1-0

[Event "3MCR_4D_2LB_3S"]
[Site "?"]
[Date "1999.??.??"]
[Round "3"]
[White "Killar, Marek"]
[Black "Musil, Vitezslav"]
[Result "0-1"]
[WhiteElo "2115"]
[BlackElo "2060"]
[PlyCount "76"]
[EventDate "1999.??.??"]
[EventType "corr"]

1. e4 c5 2. Nf3 Nc6 3. d4 cxd4 4. Nxd4 Nf6 5. Nc3 d6 6. Bg5 Bd7 7. Qd2 Rc8 8.
O-O-O Nxd4 9. Qxd4 Qa5 10. f4 e6 11. e5 dxe5 12. fxe5 Bc6 13. Nb5 Bxb5 14. exf6
Ba4 15. Bd2 Rxc2+ 16. Kb1 Rxd2 17. Rxd2 gxf6 18. Be2 Be7 19. Rc1 O-O 20. Rd3
Bc6 21. Qh4 Qf5 22. Rf1 Qg6 23. Ka1 Bb5 24. Rg3 Bxe2 25. Rxg6+ hxg6 26. Rc1 Kg7
27. Qe4 Ba6 28. g4 Rh8 29. Qg2 Bd6 30. h3 g5 31. Qf3 Bf4 32. Rd1 Bc4 33. Qxb7
Rxh3 34. Qxa7 Be2 35. Rb1 Bxg4 36. a4 Be5 37. Ka2 Bf3 38. Qb6 g4 0-1

[Event "3MCR_4D_2LB_3S"]
[Site "?"]
[Date "1999.??.??"]
[Round "3"]
[White "Travnik, Petr"]
[Black "Kozak, Martin"]
[Result "1-0"]
[WhiteElo "2000"]
[BlackElo "1765"]
[PlyCount "79"]
[EventDate "1999.??.??"]
[EventType "corr"]

1. d4 Nf6 2. c4 g6 3. Nc3 d5 4. cxd5 Nxd5 5. e4 Nxc3 6. bxc3 c5 7. Bc4 Bg7 8.
Ne2 O-O 9. O-O cxd4 10. cxd4 Nc6 11. Be3 Na5 12. Bd3 b6 13. Rc1 Bb7 14. d5 Qd7
15. Nd4 Rfc8 16. Qd2 Rxc1 17. Rxc1 Rc8 18. Bb5 Rxc1+ 19. Qxc1 Qd6 20. Nc6 Nxc6
21. dxc6 Bc8 22. Qd2 Qxd2 23. Bxd2 a6 24. Bc4 b5 25. Bb3 Kf8 26. Kf1 Ke8 27. f4
e6 28. Ke2 Bf8 29. e5 Ba3 30. Be3 Kd8 31. Bb6+ Ke7 32. Ke3 f6 33. exf6+ Kxf6
34. Bc7 Ke7 35. Be5 a5 36. Bc2 a4 37. Ke4 Bd6 38. g4 Bxe5 39. Kxe5 Kd8 40. Kd6
1-0

[Event "3MCR_4D_2LB_3S"]
[Site "?"]
[Date "1999.??.??"]
[Round "3"]
[White "Truksa, Vaclav"]
[Black "Kyzlink, Vladimir"]
[Result "0-1"]
[WhiteElo "1600"]
[BlackElo "2135"]
[PlyCount "110"]
[EventDate "1999.??.??"]
[EventType "corr"]

1. e4 e5 2. Nf3 Nc6 3. Bb5 a6 4. Ba4 Nf6 5. O-O Be7 6. Re1 b5 7. Bb3 d6 8. c3
O-O 9. h3 Nd7 10. d4 Bf6 11. Be3 exd4 12. cxd4 Na5 13. Bc2 Nc4 14. b3 Nxe3 15.
fxe3 Bb7 16. Nbd2 Re8 17. b4 Rb8 18. Rc1 a5 19. a3 a4 20. Bb1 c6 21. Nh2 c5 22.
bxc5 dxc5 23. e5 Bh4 24. Re2 Be7 25. Ndf3 Nf8 26. Qd3 Qd7 27. Rf2 b4 28. e6
Qxe6 29. dxc5 Bxc5 30. Rxc5 Rbd8 31. Nd4 Qxe3 32. Qxe3 Rxe3 33. Nc2 Rd1+ 34.
Rf1 Rxf1+ 35. Kxf1 Rg3 36. Nxb4 Rxg2 37. Ng4 Ne6 38. Rb5 Rb2 39. Ba2 Ba6 40.
Bc4 Bxb5 41. Bxb5 Rb3 42. Bxa4 Rxa3 43. Bd7 Rxh3 44. Bxe6 fxe6 45. Nc2 Rc3 46.
Nge3 g5 47. Kf2 h5 48. Nd4 Kf7 49. Ne2 Ra3 50. Nc4 Ra2 51. Ke3 h4 52. Ne5+ Kf6
53. Nf3 e5 54. Neg1 Rg2 55. Ne2 h3 0-1

[Event "3MCR_4D_2LB_3S"]
[Site "?"]
[Date "1999.??.??"]
[Round "3"]
[White "Kozak, Martin"]
[Black "Kyzlink, Vladimir"]
[Result "0-1"]
[WhiteElo "1765"]
[BlackElo "2135"]
[PlyCount "66"]
[EventDate "1999.??.??"]
[EventType "corr"]

1. d4 Nf6 2. c4 g6 3. Nc3 d5 4. Bf4 Bg7 5. e3 c5 6. cxd5 Nxd5 7. Be5 Nxc3 8.
bxc3 Bxe5 9. dxe5 Qc7 10. f4 O-O 11. Qc2 Rd8 12. Nf3 Bg4 13. Be2 b6 14. Qe4 Nc6
15. Kf2 Bf5 16. Qc4 Na5 17. Qb5 a6 18. Qb2 b5 19. Rhd1 Nc4 20. Bxc4 bxc4 21.
Rd2 Rab8 22. Rxd8+ Qxd8 23. Qe2 Qd3 24. Qd2 Be4 25. Rd1 Rd8 26. Ke1 Rb8 27. Ng5
Bf5 28. e4 Bxe4 29. Nxe4 Qxe4+ 30. Qe2 Qxf4 31. g3 Qf5 32. Qe3 Rb2 33. Qf4 Qc2
0-1

[Event "3MCR_4D_2LB_3S"]
[Site "?"]
[Date "1999.??.??"]
[Round "3"]
[White "Kyzlink, Vladimir"]
[Black "Killar, Marek"]
[Result "1/2-1/2"]
[WhiteElo "2135"]
[BlackElo "2115"]
[PlyCount "82"]
[EventDate "1999.??.??"]
[EventType "corr"]

1. c4 Nf6 2. Nc3 g6 3. g3 Bg7 4. Bg2 O-O 5. d3 d6 6. Nf3 e5 7. O-O Nc6 8. Bg5
h6 9. Bxh6 Bxh6 10. Rb1 a5 11. Re1 Bg7 12. Rc1 Nd4 13. Nxd4 exd4 14. Nd5 g5 15.
Qb3 Ra6 16. c5 dxc5 17. Rxc5 c6 18. Rec1 Re8 19. e4 Ra8 20. Nb6 Be6 21. Nc4 Bf8
22. Re5 b5 23. Rxe6 Rxe6 24. Nd2 a4 25. Qd1 Qd6 26. Qc2 Ra7 27. Bh3 Re8 28.
Qxc6 Re5 29. Nf3 Rc5 30. Rxc5 Qxc5 31. Qxf6 Qc1+ 32. Kg2 Qxb2 33. Qb6 Re7 34.
Nxd4 Re5 35. Nf5 Re6 36. Qb7 b4 37. Ne3 Qxa2 38. Nd5 Rd6 39. Bd7 Rxd5 40. exd5
Qe2 41. Bxa4 Qxd3 1/2-1/2

[Event "3MCR_4D_2LB_3S"]
[Site "?"]
[Date "1999.??.??"]
[Round "3"]
[White "Michalek, Milos"]
[Black "Musil, Vitezslav"]
[Result "1-0"]
[WhiteElo "2020"]
[BlackElo "2060"]
[PlyCount "55"]
[EventDate "1999.??.??"]
[EventType "corr"]

1. e4 c5 2. Nf3 Nc6 3. d4 cxd4 4. Nxd4 Nf6 5. Nc3 d6 6. Bc4 e6 7. Be3 Be7 8.
Qe2 O-O 9. O-O-O a6 10. Bb3 Qc7 11. g4 Nxd4 12. Rxd4 Nd7 13. g5 b5 14. Rg1 Rd8
15. h4 Nc5 16. h5 Nxb3+ 17. axb3 d5 18. exd5 b4 19. Na4 exd5 20. g6 fxg6 21.
hxg6 h6 22. Qd2 Qh2 23. Re1 Bf6 24. Nb6 Bxd4 25. Qxd4 Be6 26. Nxa8 Rxa8 27. Bf4
Qh3 28. Qb6 1-0

[Event "3MCR_4D_2LB_3S"]
[Site "?"]
[Date "1999.??.??"]
[Round "3"]
[White "Kozeny, Pavel"]
[Black "Michalek, Milos"]
[Result "1/2-1/2"]
[WhiteElo "1800"]
[BlackElo "2020"]
[PlyCount "51"]
[EventDate "1999.??.??"]
[EventType "corr"]

1. c4 e5 2. Nc3 Nf6 3. Nf3 Nc6 4. e3 d6 5. d4 Bg4 6. d5 Ne7 7. e4 Ng6 8. Be2
Be7 9. Be3 O-O 10. Nd2 Bxe2 11. Qxe2 Nd7 12. O-O Nf4 13. Qd1 f5 14. exf5 Rxf5
15. Nde4 a6 16. b4 Qe8 17. Qg4 g6 18. g3 Nh5 19. Qe2 Ng7 20. Bh6 g5 21. Bxg7
Kxg7 22. f3 Qg6 23. Rae1 Raf8 24. Nd1 R5f7 25. Ne3 Kh8 26. a3 1/2-1/2

[Event "3MCR_4D_2LB_3S"]
[Site "?"]
[Date "1999.??.??"]
[Round "3"]
[White "Kozak, Martin"]
[Black "Killar, Marek"]
[Result "0-1"]
[WhiteElo "1765"]
[BlackElo "2115"]
[PlyCount "68"]
[EventDate "1999.??.??"]
[EventType "corr"]

1. e4 c5 2. Nc3 Nc6 3. g3 g6 4. Bg2 Bg7 5. d3 d6 6. Be3 Rb8 7. Nge2 b5 8. Rb1
b4 9. Nd5 e6 10. Ndf4 Nd4 11. O-O Ne7 12. c3 Nxe2+ 13. Nxe2 Qa5 14. Qb3 O-O 15.
a4 Bd7 16. c4 Qxa4 17. Qxa4 Bxa4 18. Ra1 Bc2 19. d4 Bd3 20. Rfe1 Bxe2 21. Rxe2
cxd4 22. Bf4 e5 23. Bd2 Nc6 24. Ra6 Rb6 25. Rxb6 axb6 26. Re1 Ra8 27. f4 Kf8
28. Bh3 Ke7 29. Bg2 Ra2 30. Rb1 b3 31. Bf3 exf4 32. gxf4 d3 33. Bd1 Bxb2 34.
Bxb3 Bd4+ 0-1

[Event "3MCR_4D_2LB_3S"]
[Site "?"]
[Date "1999.??.??"]
[Round "3"]
[White "Liska, Jiri"]
[Black "Staufcik, Robert"]
[Result "0-1"]
[WhiteElo "2230"]
[BlackElo "2000"]
[PlyCount "64"]
[EventDate "1999.??.??"]
[EventType "corr"]

1. c4 e5 2. Nc3 Nc6 3. Nf3 f5 4. d4 e4 5. Ng5 Bb4 6. d5 Bxc3+ 7. bxc3 Ne5 8.
Qd4 d6 9. Bf4 Qf6 10. e3 b6 11. Be2 h6 12. Nh3 Ne7 13. O-O O-O 14. Bg3 c5 15.
Qd2 g5 16. f4 exf3 17. gxf3 N5g6 18. f4 g4 19. Nf2 h5 20. Nd1 h4 21. Bf2 Bb7
22. Rb1 Rf7 23. Bd3 Rg7 24. Kh1 Kf7 25. Rg1 Rag8 26. Rg2 g3 27. Bg1 gxh2 28.
Bxh2 h3 29. Rg1 Nh4 30. Qe2 Rxg1+ 31. Bxg1 Qg6 32. Nb2 Nxd5 0-1

[Event "3MCR_4D_2LB_3S"]
[Site "?"]
[Date "1999.??.??"]
[Round "3"]
[White "Pilar, Richard"]
[Black "Kozeny, Pavel"]
[Result "0-1"]
[WhiteElo "1600"]
[BlackElo "1800"]
[PlyCount "54"]
[EventDate "1999.??.??"]
[EventType "corr"]

1. e4 c5 2. Nf3 e6 3. d4 cxd4 4. Nxd4 Nf6 5. Nc3 Nc6 6. Bb5 Bb4 7. Nxc6 bxc6 8.
Bd3 d5 9. exd5 cxd5 10. Bd2 O-O 11. O-O e5 12. Qe2 e4 13. Bb5 Bg4 14. Qe1 Qb6
15. Ba4 a5 16. a3 Bxc3 17. Bxc3 d4 18. Bd2 Bc8 19. Qc1 Bd7 20. Bxd7 Nxd7 21.
Rd1 Rfe8 22. c3 e3 23. Be1 Nc5 24. Qb1 e2 25. Rxd4 Nb3 26. Rh4 g6 27. Ra2 Rad8
0-1

[Event "3MCR_4D_2LB_3S"]
[Site "?"]
[Date "1999.??.??"]
[Round "3"]
[White "Pilar, Richard"]
[Black "Kozak, Martin"]
[Result "1-0"]
[WhiteElo "1600"]
[BlackElo "1765"]
[PlyCount "51"]
[EventDate "1999.??.??"]
[EventType "corr"]

1. e4 e6 2. d4 d5 3. Nc3 Bb4 4. e5 Qd7 5. Bd2 Ne7 6. Nf3 Bxc3 7. Bxc3 b6 8. Bd3
c5 9. b3 Ba6 10. Ng5 Bxd3 11. Qxd3 h6 12. Nf3 Nbc6 13. O-O Ng6 14. Rfe1 cxd4
15. Bxd4 Nb4 16. Qd2 Nc6 17. Bb2 O-O 18. Rad1 Qb7 19. Qe2 Rac8 20. c4 dxc4 21.
bxc4 Rfd8 22. Rd6 Rd7 23. Red1 Rcd8 24. Qe3 Kh7 25. Qd3 f5 26. Rxd7 1-0

[Event "3MCR_4D_2LB_3S"]
[Site "?"]
[Date "1999.??.??"]
[Round "3"]
[White "Miskovsky, Pavel"]
[Black "Pospisil, Ludvik"]
[Result "0-1"]
[WhiteElo "1800"]
[BlackElo "2235"]
[PlyCount "94"]
[EventDate "1999.??.??"]
[EventType "corr"]

1. e4 e5 2. Nf3 Nc6 3. Bb5 a6 4. Ba4 Nf6 5. O-O Be7 6. Re1 b5 7. Bb3 d6 8. c3
O-O 9. h3 Na5 10. Bc2 c5 11. d4 cxd4 12. cxd4 Bb7 13. Nbd2 Rc8 14. d5 Qc7 15.
Bb1 Nd7 16. Nf1 f5 17. exf5 Nc4 18. Re2 Nf6 19. Ng5 Bxd5 20. Be4 Qb7 21. Bxd5+
Nxd5 22. Qd3 Nb4 23. Qg3 Bxg5 24. Bxg5 Nc6 25. Qf3 Qd7 26. Qd5+ Rf7 27. b3 Nd4
28. Ree1 Nb6 29. Qe4 Nc2 30. Be3 Nxa1 31. Bxb6 Qc6 32. Qxc6 Rxc6 33. Rxa1 Rxb6
34. Ne3 Rc6 35. Rd1 Rfc7 36. Kh2 Rd7 37. Ng4 Rc2 38. f6 e4 39. fxg7 Kxg7 40. a4
Rc3 41. axb5 axb5 42. Rd4 Rxb3 43. Rxe4 Rf7 44. Re2 Rd3 45. f3 b4 46. Rb2 b3
47. Nf2 Re3 0-1

[Event "3MCR_4D_2LB_3S"]
[Site "?"]
[Date "1999.??.??"]
[Round "3"]
[White "Michalek, Milos"]
[Black "Travnik, Petr"]
[Result "0-1"]
[WhiteElo "2020"]
[BlackElo "2000"]
[PlyCount "88"]
[EventDate "1999.??.??"]
[EventType "corr"]

1. e4 c5 2. Nf3 d6 3. d4 cxd4 4. Nxd4 Nf6 5. Nc3 a6 6. Be2 e5 7. Nb3 Be7 8. O-O
Be6 9. Be3 Nbd7 10. a4 Rc8 11. Bf3 O-O 12. a5 Qc7 13. h3 Rfd8 14. Re1 Nc5 15.
Nxc5 dxc5 16. Qe2 h6 17. Na4 Qxa5 18. Nxc5 Qb6 19. Nxe6 Qxe6 20. Rec1 Qc6 21.
Bd2 Bc5 22. Be1 Ba7 23. Ra3 Bd4 24. Rb3 b5 25. Bc3 Qe6 26. Rd1 Bxc3 27. Rxd8+
Rxd8 28. Rxc3 Qa2 29. Rd3 Rxd3 30. cxd3 Qb1+ 31. Kh2 Qc1 32. g3 g6 33. d4 exd4
34. e5 Ne8 35. e6 Qc5 36. b4 Qd6 37. exf7+ Kxf7 38. Qd2 Nf6 39. Kg2 d3 40. Kf1
g5 41. Qc3 h5 42. Ke1 Qe6+ 43. Kd2 g4 44. hxg4 hxg4 0-1

[Event "3MCR_4D_2LB_3S"]
[Site "?"]
[Date "1999.??.??"]
[Round "3"]
[White "Travnik, Petr"]
[Black "Kozeny, Pavel"]
[Result "1-0"]
[WhiteElo "2000"]
[BlackElo "1800"]
[PlyCount "75"]
[EventDate "1999.??.??"]
[EventType "corr"]

1. d4 f5 2. Nc3 Nf6 3. Bg5 d5 4. e3 e6 5. Nf3 Be7 6. Bd3 Nbd7 7. O-O O-O 8. Ne2
Ne4 9. Bxe7 Qxe7 10. c4 c6 11. Qc2 Rf6 12. a4 Rh6 13. Ng3 Ndf6 14. h3 Bd7 15.
c5 Be8 16. b4 g5 17. Ne5 Nxg3 18. fxg3 Qg7 19. b5 g4 20. h4 Nd7 21. bxc6 Nxe5
22. cxb7 Qxb7 23. dxe5 Qc7 24. Qc3 Rg6 25. Rf4 Rg7 26. Qd4 Rc8 27. Rc1 Qa5 28.
Bxf5 exf5 29. Qxd5+ Kh8 30. Rxf5 Bg6 31. Rf4 Rd8 32. Qb3 Qd2 33. Rcf1 Rgg8 34.
c6 h5 35. Kh2 Qa5 36. e6 Qe5 37. e4 Rde8 38. Rf6 1-0

[Event "3MCR_4D_2LB_3S"]
[Site "?"]
[Date "1999.??.??"]
[Round "3"]
[White "Bem, Jiri"]
[Black "Travnik, Petr"]
[Result "0-1"]
[WhiteElo "2000"]
[BlackElo "2000"]
[PlyCount "74"]
[EventDate "1999.??.??"]
[EventType "corr"]

1. c4 Nf6 2. Nc3 g6 3. d4 Bg7 4. e4 d6 5. Be2 O-O 6. Nf3 Nbd7 7. O-O c6 8. Bd2
Qc7 9. Qc1 e5 10. dxe5 Nxe5 11. Nxe5 dxe5 12. Bh6 Be6 13. Bxg7 Kxg7 14. Qe3 Qb6
15. Qxb6 axb6 16. b3 Rfd8 17. Rfd1 Rd4 18. f3 Nd7 19. Na4 Nc5 20. Nxc5 bxc5 21.
Kf2 h5 22. a4 b6 23. Rxd4 cxd4 24. Bd3 c5 25. h4 Bd7 26. Kg3 f5 27. Re1 Kf6 28.
Kf2 Rg8 29. Rg1 Bc6 30. Ra1 fxe4 31. fxe4 Rf8 32. g3 Bd7 33. Rb1 g5 34. Kg2
gxh4 35. gxh4 Rg8+ 36. Kf2 Rg4 37. Rh1 Bc6 0-1

[Event "3MCR_4D_2LB_3S"]
[Site "?"]
[Date "1999.??.??"]
[Round "3"]
[White "Kozak, Martin"]
[Black "Musil, Vitezslav"]
[Result "0-1"]
[WhiteElo "1765"]
[BlackElo "2060"]
[PlyCount "56"]
[EventDate "1999.??.??"]
[EventType "corr"]

1. d4 Nf6 2. c4 g6 3. Nc3 Bg7 4. e4 d6 5. f3 O-O 6. Nge2 b6 7. d5 c5 8. Ng3 e6
9. Bd3 exd5 10. cxd5 a6 11. Be3 b5 12. Nce2 Re8 13. O-O Nxd5 14. Bc1 Nf6 15.
Bf4 Nc6 16. Bc2 Nd4 17. Nxd4 cxd4 18. Qxd4 Nxe4 19. Qb4 Qb6+ 20. Kh1 Nf2+ 21.
Rxf2 Qxf2 22. Rc1 Be6 23. Ne4 Qd4 24. Qxd4 Bxd4 25. b3 Bf5 26. Bxd6 Rac8 27. g4
Bxe4 28. fxe4 Bb2 0-1

[Event "3MCR_4D_2LB_3S"]
[Site "?"]
[Date "1999.??.??"]
[Round "3"]
[White "Michalek, Milos"]
[Black "Kyzlink, Vladimir"]
[Result "1-0"]
[WhiteElo "2020"]
[BlackElo "2135"]
[PlyCount "79"]
[EventDate "1999.??.??"]
[EventType "corr"]

1. e4 c5 2. Nf3 d6 3. d4 cxd4 4. Nxd4 Nf6 5. Nc3 Nc6 6. Bc4 Qb6 7. Nb3 e6 8.
O-O Be7 9. a4 O-O 10. a5 Qc7 11. f4 Nxe4 12. Nxe4 d5 13. Bd3 dxe4 14. Bxe4 Rd8
15. Qf3 f5 16. Bxc6 bxc6 17. Be3 Bf6 18. Rfd1 Rd5 19. Bd4 Bxd4+ 20. Rxd4 Ba6
21. Rxd5 exd5 22. Nc5 Bc4 23. Qe3 Qf7 24. Re1 g6 25. b3 Bb5 26. Qe5 Rf8 27. Kf2
a6 28. Qd6 Re8 29. Re5 Qf8 30. Qxf8+ Rxf8 31. Ke3 Kf7 32. Kd4 Bf1 33. g3 Rc8
34. Re1 Bg2 35. Nxa6 Be4 36. Nc5 Bxc2 37. a6 Be4 38. Ra1 Ra8 39. Ra4 Bg2 40.
Rb4 1-0

[Event "3MCR_4D_2LB_3S"]
[Site "?"]
[Date "1999.??.??"]
[Round "3"]
[White "Kozeny, Pavel"]
[Black "Kyzlink, Vladimir"]
[Result "1-0"]
[WhiteElo "1800"]
[BlackElo "2135"]
[PlyCount "77"]
[EventDate "1999.??.??"]
[EventType "corr"]

1. c4 Nf6 2. Nc3 d5 3. cxd5 Nxd5 4. Nf3 g6 5. e4 Nxc3 6. dxc3 Qxd1+ 7. Kxd1 Nd7
8. Bf4 Nc5 9. Nd2 Ne6 10. Be3 Bd7 11. Bc4 a6 12. a4 O-O-O 13. Ke2 Bg7 14. f4 h6
15. Nf3 Bc6 16. Bxe6+ fxe6 17. e5 Rhf8 18. Rhg1 a5 19. b3 b6 20. Rac1 Kb7 21.
c4 Bh8 22. Nd4 Bd7 23. c5 Bc8 24. Rc4 Rd5 25. Rgc1 Re8 26. cxb6 cxb6 27. Rc7+
Kb8 28. R7c6 Ba6+ 29. Kf2 Bb7 30. Rxb6 Rc8 31. Rxc8+ Kxc8 32. Rxe6 g5 33. g3
gxf4 34. gxf4 Kd7 35. Rxh6 Bg7 36. Rh7 Bf8 37. Rh8 Ke8 38. Ne6 Kf7 39. f5 1-0

[Event "3MCR_4D_2LB_3S"]
[Site "?"]
[Date "1999.??.??"]
[Round "3"]
[White "Kyzlink, Vladimir"]
[Black "Bem, Jiri"]
[Result "1-0"]
[WhiteElo "2135"]
[BlackElo "2000"]
[PlyCount "73"]
[EventDate "1999.??.??"]
[EventType "corr"]

1. e4 c5 2. Nf3 Nc6 3. d4 cxd4 4. Nxd4 d6 5. Nc3 Nf6 6. Bg5 g6 7. Bxf6 exf6 8.
Bc4 h6 9. O-O Be7 10. Nd5 O-O 11. Nb5 Ne5 12. Be2 a6 13. Nxe7+ Qxe7 14. Qxd6
Qxd6 15. Nxd6 b5 16. f4 Nc6 17. Rfd1 Nb4 18. a3 Nxc2 19. Rac1 Ne3 20. Rd3 Nc4
21. Nxc4 bxc4 22. Rxc4 a5 23. Rd2 Be6 24. Rcd4 Ra7 25. g4 f5 26. exf5 gxf5 27.
g5 Kg7 28. gxh6+ Kxh6 29. b4 axb4 30. axb4 Ra1+ 31. Kf2 Rg8 32. Rd1 Rxd1 33.
Rxd1 Rb8 34. b5 Rb6 35. h4 Bb3 36. Ra1 Be6 37. Ra6 1-0

[Event "3MCR_4D_2LB_3S"]
[Site "?"]
[Date "1999.??.??"]
[Round "3"]
[White "Kozak, Martin"]
[Black "Truksa, Vaclav"]
[Result "0-1"]
[WhiteElo "1765"]
[BlackElo "1600"]
[PlyCount "78"]
[EventDate "1999.??.??"]
[EventType "corr"]

1. e4 c5 2. Nf3 d6 3. d4 cxd4 4. Nxd4 Nf6 5. Nc3 g6 6. Be3 Bg7 7. f3 O-O 8. Qd2
Nc6 9. Bc4 Bd7 10. h4 Qa5 11. O-O-O Rfc8 12. Nxc6 Bxc6 13. Nd5 Qxd2+ 14. Rxd2
Bxd5 15. Bxd5 Nxd5 16. Rxd5 h5 17. Rg1 Rc6 18. c3 a6 19. g4 e6 20. Rd2 hxg4 21.
fxg4 Bxc3 22. Rc2 Be5 23. h5 Rxc2+ 24. Kxc2 Rc8+ 25. Kd3 gxh5 26. gxh5+ Kf8 27.
b3 Ke7 28. Bd2 d5 29. Bb4+ Kf6 30. exd5 exd5 31. Bd2 Rh8 32. h6 Ke6 33. Rg4 b5
34. Ke2 Bd6 35. Bg5 Bf8 36. Rf4 Be7 37. Bxe7 Kxe7 38. Rf5 Rxh6 39. Rxd5 Rh2+
0-1

[Event "3MCR_4D_2LB_3S"]
[Site "?"]
[Date "1999.??.??"]
[Round "3"]
[White "Kyzlink, Vladimir"]
[Black "Travnik, Petr"]
[Result "1/2-1/2"]
[WhiteElo "2135"]
[BlackElo "2000"]
[PlyCount "123"]
[EventDate "1999.??.??"]
[EventType "corr"]

1. e4 c5 2. Nf3 d6 3. d4 cxd4 4. Nxd4 Nf6 5. Nc3 a6 6. Bg5 e6 7. f4 Be7 8. Qf3
Qc7 9. O-O-O Nbd7 10. g4 b5 11. Bxf6 gxf6 12. f5 Ne5 13. Qg3 Bd7 14. Bh3 b4 15.
Nce2 Rc8 16. Kb1 Nc6 17. fxe6 fxe6 18. g5 Nxd4 19. Nxd4 fxg5 20. Rd2 Qc4 21. e5
O-O 22. exd6 Bf6 23. Bf1 Qc5 24. Nb3 Qc6 25. Bg2 Qc4 26. Re1 Qb5 27. h4 Kh8 28.
Bf1 Qf5 29. hxg5 Qxg5 30. Qxg5 Bxg5 31. Rd4 e5 32. Rxb4 Rc6 33. Bd3 Rxd6 34. a3
Bf4 35. Rb7 Rc8 36. Bxa6 Bf5 37. Bd3 Bxd3 38. cxd3 Rxd3 39. a4 Rg3 40. a5 Rg7
41. Rb5 Rgc7 42. a6 h6 43. Re4 h5 44. Ra4 Kg7 45. Rb7 Rf7 46. Nc5 Rxc5 47. a7
Rc1+ 48. Ka2 Rxb7 49. a8=Q Rcc7 50. Ra6 Rf7 51. Qe8 Ra7 52. Rxa7 Rxa7+ 53. Kb3
Rf7 54. Kc4 h4 55. Qe6 Bg3 56. b4 Rf6 57. Qg4+ Rg6 58. Qd7+ Kh6 59. b5 Rf6 60.
Qd8 Kg5 61. b6 h3 62. b7 1/2-1/2

[Event "3MCR_4D_2LB_3S"]
[Site "?"]
[Date "1999.??.??"]
[Round "3"]
[White "Bem, Jiri"]
[Black "Miskovsky, Pavel"]
[Result "0-1"]
[WhiteElo "2000"]
[BlackElo "1800"]
[PlyCount "56"]
[EventDate "1999.??.??"]
[EventType "corr"]

1. Nf3 Nf6 2. g3 b6 3. Bg2 Bb7 4. d4 e6 5. c3 d5 6. O-O Be7 7. Qc2 O-O 8. Nbd2
Nbd7 9. Re1 Rc8 10. Qb1 c5 11. h3 Qc7 12. Nf1 Bd6 13. N3d2 cxd4 14. cxd4 Qc2
15. a3 Qxb1 16. Rxb1 e5 17. dxe5 Bxe5 18. Nf3 Rfe8 19. Ne3 Bb8 20. b4 Ne4 21.
Bf1 Ndf6 22. Bb2 Nxg3 23. Bxf6 gxf6 24. Rbc1 Rxc1 25. Rxc1 Bf4 26. Rc3 Bxe3 27.
fxe3 Bc8 28. h4 Bh3 0-1

[Event "3MCR_4D_2LB_3S"]
[Site "?"]
[Date "1999.??.??"]
[Round "3"]
[White "Kozeny, Pavel"]
[Black "Kozak, Martin"]
[Result "1-0"]
[WhiteElo "1800"]
[BlackElo "1765"]
[PlyCount "53"]
[EventDate "1999.??.??"]
[EventType "corr"]

1. c4 Nf6 2. d4 d6 3. Nc3 e5 4. Nf3 Nbd7 5. e3 g6 6. Bd3 Bg7 7. O-O O-O 8. Qc2
b6 9. d5 Nc5 10. e4 Nxd3 11. Qxd3 Ba6 12. b3 Qd7 13. a4 Nh5 14. Ra2 Rfe8 15. a5
Rab8 16. axb6 Rxb6 17. Qc2 Reb8 18. Be3 c5 19. dxc6 Rxc6 20. Nd5 Bc8 21. Rxa7
Bb7 22. Rfa1 f5 23. exf5 e4 24. Nd4 Bxd4 25. Bxd4 gxf5 26. Qe2 Ng7 27. Nf6+ 1-0

[Event "3MCR_4D_2LB_3S"]
[Site "?"]
[Date "1999.??.??"]
[Round "3"]
[White "Kozeny, Pavel"]
[Black "Truksa, Vaclav"]
[Result "1-0"]
[WhiteElo "1800"]
[BlackElo "1600"]
[PlyCount "65"]
[EventDate "1999.??.??"]
[EventType "corr"]

1. c4 Nf6 2. Nc3 e6 3. e4 c5 4. f4 Nc6 5. Nf3 d5 6. cxd5 exd5 7. e5 Ng4 8. Bb5
d4 9. Ne4 Be7 10. Bxc6+ bxc6 11. d3 O-O 12. O-O Rb8 13. b3 a5 14. h3 Nh6 15. g4
f5 16. exf6 gxf6 17. f5 Nf7 18. Bf4 Rb7 19. Qc2 Qd5 20. Rac1 Rb5 21. Nfd2 Ba6
22. Nc4 Kh8 23. a4 Rb4 24. Nxa5 Ne5 25. Bxe5 fxe5 26. Nc4 Rfb8 27. f6 Bf8 28.
Rb1 Bxc4 29. bxc4 Qd8 30. Ra1 Rb2 31. Qd1 Bh6 32. g5 Qg8 33. f7 1-0

[Event "3MCR_4D_2LB_3S"]
[Site "?"]
[Date "1999.??.??"]
[Round "3"]
[White "Pospisil, Ludvik"]
[Black "Staufcik, Robert"]
[Result "0-1"]
[WhiteElo "2235"]
[BlackElo "2000"]
[PlyCount "108"]
[EventDate "1999.??.??"]
[EventType "corr"]

1. e4 e5 2. f4 exf4 3. Nf3 d5 4. exd5 Nf6 5. Bb5+ c6 6. dxc6 Nxc6 7. d4 Bd6 8.
Qe2+ Be6 9. Ng5 O-O 10. Nxe6 Qb6 11. Nxf8 Nxd4 12. Nxh7 Nxh7 13. Qc4 Nxb5 14.
Rf1 Re8+ 15. Kd1 Nd4 16. Nd2 Nf5 17. Nf3 Rd8 18. Ne1 Nf6 19. Nd3 Be5 20. Ke2
Re8 21. Kd1 Ng4 22. Qa4 Re7 23. Bxf4 Bxb2 24. Kd2 Bxa1 25. Rxa1 Nf6 26. Qc4 Ne3
27. Qb4 Ne4+ 28. Ke2 Ng3+ 29. Kf2 Qc6 30. Bxe3 Qxc2+ 31. Bd2 Re2+ 32. Kg1 Qxd3
33. Qc3 Qxd2 34. Qxd2 Rxd2 35. hxg3 b5 36. a3 Rb2 37. Kh2 a5 38. Kh3 Kh7 39.
Rc1 Kg6 40. Rc5 a4 41. g4 Rb3+ 42. Kh4 Kf6 43. g5+ Ke6 44. Kg4 g6 45. Kf4 Kd6
46. Re5 Kc6 47. Re7 Rxa3 48. Rxf7 b4 49. Rf6+ Kc5 50. Rf8 Ra1 51. Rc8+ Kd4 52.
Rd8+ Kc3 53. Rc8+ Kb2 54. Rc6 a3 0-1

[Event "3MCR_4D_2LB_3S"]
[Site "?"]
[Date "1999.??.??"]
[Round "3"]
[White "Musil, Vitezslav"]
[Black "Travnik, Petr"]
[Result "1/2-1/2"]
[WhiteElo "2060"]
[BlackElo "2000"]
[PlyCount "88"]
[EventDate "1999.??.??"]
[EventType "corr"]

1. e4 c5 2. Nf3 d6 3. d4 cxd4 4. Nxd4 Nf6 5. Nc3 a6 6. Bg5 e6 7. f4 Qc7 8. Qf3
Be7 9. O-O-O Nbd7 10. Qg3 h6 11. Bh4 g5 12. fxg5 Rg8 13. Be2 Ne5 14. Nf3 hxg5
15. Nxg5 Ng6 16. Nf3 Nxh4 17. Qxh4 b5 18. Rhe1 Bb7 19. e5 dxe5 20. Nxe5 Ne4 21.
Qh7 Bg5+ 22. Kb1 Qxe5 23. Bxb5+ Kf8 24. Nxe4 Bxe4 25. Qxe4 Qxe4 26. Rxe4 axb5
27. g3 Rd8 28. Rxd8+ Bxd8 29. c4 Rh8 30. cxb5 Rxh2 31. b4 Ke7 32. a4 Bc7 33. g4
Rh4 34. Rc4 Kd7 35. Rd4+ Kc8 36. Rc4 Kb7 37. a5 Bb8 38. Kc2 f5 39. a6+ Ka7 40.
Rd4 Rh7 41. gxf5 exf5 42. Rd8 Bc7 43. Rf8 f4 44. Kd3 Re7 1/2-1/2

[Event "3MCR_4D_2LB_3S"]
[Site "?"]
[Date "1999.??.??"]
[Round "3"]
[White "Michalek, Milos"]
[Black "Miskovsky, Pavel"]
[Result "1-0"]
[WhiteElo "2020"]
[BlackElo "1800"]
[PlyCount "69"]
[EventDate "1999.??.??"]
[EventType "corr"]

1. e4 c5 2. Nf3 d6 3. d4 cxd4 4. Nxd4 Nf6 5. Nc3 e6 6. g4 h6 7. h4 Nc6 8. Rg1
d5 9. exd5 Nxd5 10. Nxd5 Qxd5 11. Bg2 Qa5+ 12. Bd2 Qe5+ 13. Be3 Nb4 14. Qe2 Nd5
15. Bxd5 Qxd5 16. Nb5 Qc6 17. Bf4 Bb4+ 18. c3 Ba5 19. Nd6+ Kf8 20. Nc4 Bc7 21.
Bxc7 Qxc7 22. O-O-O Bd7 23. Ne5 Bc6 24. f4 Bd5 25. a3 Kg8 26. Rd4 Rc8 27. Rgd1
Qe7 28. h5 Qf6 29. Qd3 a6 30. b4 b5 31. Kb2 Qe7 32. f5 Re8 33. Rd2 Qc7 34. Ng6
fxg6 35. fxg6 1-0